ბათუმის შოთა რუსთაველის სახელმწიფო უნივერსიტეტის ბიბლიოთეკა

ვასილ ჭილაძე : (ბიბ.ჩანაწერი № 53616)

000 -ლიდერი
ფიქსირებული სიგრძის საკონტროლო ველი 01417nam a2200277Ia 4500
001 - საკონტროლო ნომერი
საკონტროლო ველი 20663
003 - საკონტროლო ნომრის იდენტიფიკატორი
საკონტროლო ველი GE_BSU
005 - ბოლო ოპერაციის თარიღი და დრო
საკონტროლო ველი 20210228230727.0
008 - ფიქსირებული სიგრძის მონაცემთა ელემენტები - ზოგადი ინფორმაცია
ფიქსირებული სიგრძის საკონტროლო ველი 181216s2015||||ge |||||||||||||| ||geo||
020 ## - წიგნის საერთაშორისო სტანდარტული ნომერი
International Standard Book Number 9789941945205
040 ## - კატალოგიზაციის წყარო
Transcribing agency GE_BSU
041 ## - ენის კოდი
Language code of text/sound track or separate title geo
080 ## - უნივერსალური ათობითი კლასიფიკაციის ინდექსი
Universal Decimal Classification number 81(479.22)(092) კ-49
100 ## - მთავარი ჩანაწერი - პიროვნების სახელი
Personal name კიკნაძე, ლია
9 (RLIN) 10272
245 ## - ცნობა სათაურის შესახებ
Title ვასილ ჭილაძე :
Remainder of title ახალი სახელი ქართულ ლექსიკოგრაფიაში /
Statement of responsibility, etc ლია კიკნაძე ; რედაქტორები : ც. ქურციკიძე, მ. ქავთარია.
264 ## - წარმოების, გამოცემის, დისტრიბუციის და სხვა ცნობები
გამოცემის, წარმოების, დისტრიბუციის... ადგილი თბილისი :
გამოცემის, წარმოების, დისტრიბუციის... სახელწოდება კორნელი კეკელიძის სახ.ხელნაწერთა ეროვნული ცენტრ,
გამოცემის, წარმოების, დისტრიბუციის... თარიღი 2015.
300 ## - ფიზიკური აღწერა
Extent 262 გვ. ;
Dimensions 21 სმ.
500 ## - ზოგადი შენიშვნა
General note საძიებლები : გვ. 248-255
504 ## - BIBLIOGRAPHY, ETC. NOTE
Bibliography, etc ბიბლიოგრ. : გვ. 256-259
546 ## - LANGUAGE NOTE
Language note რეზიუმე რუსულ ენაზე
653 ## - INDEX TERM--UNCONTROLLED
Uncontrolled term ვასილ ჭილაძე
653 ## - INDEX TERM--UNCONTROLLED
Uncontrolled term ახალი სახელი ქართულ ლექსიკოგრაფიაში
700 ## - ADDED ENTRY--PERSONAL NAME
Personal name ქურციკიძე, ც.
Relator term რედაქტორი
9 (RLIN) 1286
700 ## - ADDED ENTRY--PERSONAL NAME
Personal name ქავთარია, მ.
Relator term რედაქტორი
9 (RLIN) 1179
942 ## - ADDED ENTRY ELEMENTS (KOHA)
Koha item type წიგნი
Source of classification or shelving scheme
ეგზემპლარები
ჩამოწერის სტატუსი დაკარგული ეგზემპლარის სტატუსი კლასიფიკაციის წყარო ან თაროზე გაწყობის სქემა დაზიანების სტატუსი არ გაიცემა მუდმივი მდებარეობა (დაცვის ადგილი) ამჟამინდელი ადგილსამყოფელი თაროზე განთავსების ადგილი შეძენის თარიღი სრული შენახვის შიფრი შტრიხკოდი ბოლო ოპერაციის თარიღი ეგზემპლარის მიმდევრობითი ნომერი (კეტერი?) ფასის ძალაში შესვლის თარიღი ეგზემპლარის სახეობა
          ბათუმის შოთა რუსთაველის სახელმწიფო უნივერსიტეტის მთავარი ბიბლიოთეკა ბათუმის შოთა რუსთაველის სახელმწიფო უნივერსიტეტის მთავარი ბიბლიოთეკა წიგნსაცავი 2018-12-17 81(479.22)(092) კ-49 53922 2018-12-17 53922 2018-12-17 წიგნი